Environmentálne dane ako nástroj znižovania znečisťovania životného prostredia diplomová práca

Na minha lista:
Detalhes bibliográficos
Autor principal: Šrámeková, Paula
Autor Corporativo: Národohospodárska fakulta EU. Katedra financií
Outros Autores: Čiernik, Anton
Formato: Livro
Idioma:eslovaco
Publicado em: Bratislava 2013
Tags: Adicionar Tag
Sem tags, seja o primeiro a adicionar uma tag!

MARC

LEADER 00000nbm a2200000 4500
001 0170584
005 20161109102355.8
041 0 |a slo 
044 |a SK 
245 1 0 |a Environmentálne dane ako nástroj znižovania znečisťovania životného prostredia  |b diplomová práca  |c Paula Šrámeková ; školiteľ: Anton Čiernik 
264 1 |a Bratislava  |c 2013 
300 |a 68 s. 
100 1 |a Šrámeková, Paula 
700 1 |a Čiernik, Anton 
710 2 |a Národohospodárska fakulta EU. Katedra financií